00733nam a22002057a 450000500170000001000150001702000290003203500140006103700130007508200080008810000180009624500760011426000420019027000400023230000270027250000680029994200220036799900190038995201190040820180705101659.0 aENG-123381 c425.00 a9789352534388 aEN-106913 bDBAD/PUB a590 aAgarwal, V.K.00aZoology for degree students:cby V.K. Agarwal,bBSc (Hons) semester I / aNew DelhibS. Chand and Companyc2018 a7361, Ram Nagar,bNew Delhie110055 a928p.c27cm(pbk)bill. aIt includes index. As per UGC choice based credit system (CBCS) 2ddccENmAGAh590 c153405d153405 001040718NFICaDBADbLd2018-07-05eDBAD/PUBg425.00l0o590 AGApEN-106913r2018-07-05 00:00:00t1v425.00yEN